000 00623nam a2200241Ia 4500
003 OSt
005 20221007063554.0
006 a|||||r|||| 00| 0
007 ta
008 221006b |||||||| |||| 00| 0 eng d
024 _a28,971
037 _cTextual
040 _aFLL
_cFLL
_beng
041 _2eng
_aeng
082 _aZQ2, F4
100 _aSastri Golapchandra Sarkar
_9684505
245 0 _aHindu law
250 _a5th
260 _aCalcutta
_bEastern Law House India
_c1924
300 _axliv,947p
_ccm.
942 _hZQ2, F4
_cTEXL
_2CC
999 _c1131578
_d1131578